Sports Quiz

Random Sports or Golf Quiz

Golf Major Winning Countries Quiz Stats

 Plays Quiz Updated Jul 22, 2019

Score 0/16 Timer 03:00
19 Plays Today
Major Wins Country % Correct
107United Kingdom [Sco 55; Eng 35; Jer 9; N. Ir 7; Wal 1]
99.1%
273United States
99.1%
8Spain
94.3%
4Germany
91.7%
17Australia
91.3%
1Canada
91%
1France
90.4%
22South Africa
86.6%
Major Wins Country % Correct
4Ireland
86.1%
1Italy
85.7%
1Sweden
79.7%
2New Zealand
74.4%
3Argentina
72.7%
1South Korea
61.7%
3Fiji
53.4%
3Zimbabwe
25.5%

You're not logged in!

Compare scores with friends on all Sporcle quizzes.
OR
Log In

Sporcle TV

Today on Sporcle TV


Watch our educational content, quiz creation guides, and fun videos on Sporcle TV.

Show Comments

Extras

Top Quizzes Today


Score Distribution

Your Account Isn't Verified!

In order to create a playlist on Sporcle, you need to verify the email address you used during registration. Go to your Sporcle Settings to finish the process.

Report this User

Report this user for behavior that violates our Community Guidelines.

Details: